An introduction to the UK hospitality industry : (Record no. 6818)

MARC details
000 -LEADER
fixed length control field 01173cam a22003254a 4500
001 - CONTROL NUMBER
control field 12241872
003 - CONTROL NUMBER IDENTIFIER
control field OSt
005 - DATE AND TIME OF LATEST TRANSACTION
control field 20210924143823.0
008 - FIXED-LENGTH DATA ELEMENTS--GENERAL INFORMATION
fixed length control field 001127s2000 enka b 001 0 eng c
010 ## - LIBRARY OF CONGRESS CONTROL NUMBER
LC control number 00711854
015 ## - NATIONAL BIBLIOGRAPHY NUMBER
National bibliography number GBA0-Y8279
020 ## - INTERNATIONAL STANDARD BOOK NUMBER
International Standard Book Number 0750647116
035 ## - SYSTEM CONTROL NUMBER
System control number (OCoLC)ocm43634125
040 ## - CATALOGING SOURCE
Original cataloging agency DDC
Transcribing agency HU
Modifying agency OKS
-- DLC
042 ## - AUTHENTICATION CODE
Authentication code pcc
043 ## - GEOGRAPHIC AREA CODE
Geographic area code e-uk---
050 00 - LIBRARY OF CONGRESS CALL NUMBER
Classification number TX910.G7
Item number I48 2000
082 00 - DEWEY DECIMAL CLASSIFICATION NUMBER
Classification number 647.94/INT
Edition number 21
245 03 - TITLE STATEMENT
Title An introduction to the UK hospitality industry :
Remainder of title a comparative approach /
Statement of responsibility, etc. edited by Bob Brotherton.
260 ## - PUBLICATION, DISTRIBUTION, ETC.
Place of publication, distribution, etc. Oxford ;
-- Boston :
Name of publisher, distributor, etc. Butterworth-Heinemann,
Date of publication, distribution, etc. 2000.
300 ## - PHYSICAL DESCRIPTION
Extent xx, 226 p. :
Other physical details ill. ;
Dimensions 25 cm.
504 ## - BIBLIOGRAPHY, ETC. NOTE
Bibliography, etc. note Includes bibliographical references and index.
650 #0 - SUBJECT ADDED ENTRY--TOPICAL TERM
Topical term or geographic name entry element Hospitality industry
Geographic subdivision Great Britain.
9 (RLIN) 7186
700 1# - ADDED ENTRY--PERSONAL NAME
Personal name Brotherton, Bob.
9 (RLIN) 7187
856 42 - ELECTRONIC LOCATION AND ACCESS
Materials specified Publisher description
Uniform Resource Identifier <a href="http://www.loc.gov/catdir/description/els031/00711854.html">http://www.loc.gov/catdir/description/els031/00711854.html</a>
856 41 - ELECTRONIC LOCATION AND ACCESS
Materials specified Table of contents
Uniform Resource Identifier <a href="http://www.loc.gov/catdir/toc/els031/00711854.html">http://www.loc.gov/catdir/toc/els031/00711854.html</a>
906 ## - LOCAL DATA ELEMENT F, LDF (RLIN)
a 7
b cbc
c pccadap
d 3
e ncip
f 20
g y-gencatlg
942 ## - ADDED ENTRY ELEMENTS (KOHA)
Source of classification or shelving scheme Dewey Decimal Classification
Koha item type Books like text book referance book
Suppress in OPAC No
Holdings
Withdrawn status Lost status Source of classification or shelving scheme Damaged status Not for loan Home library Current library Shelving location Date acquired Total Checkouts Full call number Barcode Date last seen Copy number Price effective from Koha item type
    Dewey Decimal Classification     Natural & Computational Science Library Natural & Computational Science Library General Stacks 09/24/2021   647.94/INT NSCLIB00012219 09/24/2021 1 09/24/2021 Books like text book referance book
    Dewey Decimal Classification     Natural & Computational Science Library Natural & Computational Science Library General Stacks 09/24/2021   647.94/INT NSCLIB00012220 09/24/2021 2 09/24/2021 Books like text book referance book